[Event "El Prat de Llobregat op-B 1st"]
[Site "El Prat de Llobregat"]
[Date "2019.12.09"]
[Round "7"]
[White "Amellal, Sofiane Anis"]
[Black "Fabregas Fontanet, Antonio"]
[Result "0-1"]
[WhiteElo "1914"]
[BlackElo "1921"]
[PlyCount "52"]
[EventDate "2019.12.03"]
[EventType "swiss"]
[EventRounds "9"]
[EventCountry "ESP"]
[SourceTitle "CBM 193 Extra"]
[Source "ChessBase"]
[SourceDate "2020.01.31"]
[SourceVersion "1"]
[SourceVersionDate "2020.01.31"]
[SourceQuality "1"]

1. e4 d6 2. d4 g6 3. Nc3 Bg7 4. f4 c5 5. Nge2 cxd4 6. Nxd4 Nc6 7. Nxc6 bxc6 8. Qf3 Nf6 9. e5 dxe5 10. Bb5 0-0 11. fxe5 Ng4 12. Qxc6 Bf5 13. Ba4 Qd4 14. Qf3 Nxh2 15. Qf4 Qxe5+ 16. Qxe5 Bxe5 17. Ne2 Ng4 18. c3 Rab8 19. Bb3 Be4 20. Bf4 Bxf4 21. Nxf4 Rfd8 22. 0-0 Rd2 23. Rad1 Rbd8 24. Bxf7+ Kh8 25. Bd5 R8xd5 26. Nxd5 Rxg2+ 0-1

[Event "Tipaza U2200 op"]
[Site "Tipaza"]
[Date "2019.05.02"]
[Round "4"]
[White "Araoun, Saadi"]
[Black "Amellal, Sofiane Anis"]
[Result "1-0"]
[WhiteElo "2030"]
[BlackElo "1917"]
[PlyCount "64"]
[EventDate "2019.05.01"]
[EventType "swiss"]
[EventRounds "9"]
[EventCountry "ALG"]
[SourceTitle "CBM 190 Extra"]
[Source "ChessBase"]
[SourceDate "2019.07.15"]
[SourceVersion "1"]
[SourceVersionDate "2019.07.15"]
[SourceQuality "1"]

1. d4 Nf6 2. c4 e6 3. Nf3 b6 4. Nc3 d5 5. Bg5 Be7 6. e3 0-0 7. Bd3 Nbd7 8. 0-0 Bb7 9. cxd5 exd5 10. Qc2 c5 11. Rfd1 Ne4 12. Bf4 Ndf6 13. Bxe4 dxe4 14. dxc5 Qc8 15. Nd4 Qxc5 16. Rac1 Rac8 17. Ndb5 a6 18. Nd6 Bxd6 19. Bxd6 Qg5 20. Bxf8 Rxf8 21. Ne2 h5 22. Qc7 Bc8 23. Rd8 Bd7 24. Rxd7 Nxd7 25. Qxd7 Kh7 26. Rc8 Qa5 27. Nc3 Rxc8 28. Qxc8 Qb4 29. b3 Qa3 30. h3 b5 31. Qf5+ Kg8 32. Nxe4 Qxa2 1-0

[Event "Hammam Sousse Sahel Festival Blitz"]
[Site "Hammam Sousse"]
[Date "2019.04.21"]
[Round "2.7"]
[White "Amellal, Sofiane Anis"]
[Black "Ben Brahem, Aymen"]
[Result "0-1"]
[WhiteElo "1906"]
[BlackElo "1764"]
[PlyCount "65"]
[EventDate "2019.04.21"]
[EventType "swiss (blitz)"]
[EventRounds "7"]
[EventCountry "TUN"]
[SourceTitle "EXT 2024"]
[Source "ChessBase"]
[SourceDate "2023.10.10"]
[SourceVersion "1"]
[SourceVersionDate "2023.10.10"]
[SourceQuality "1"]

1. e4 c5 2. Nf3 d6 3. d3 Nf6 4. Nbd2 g6 5. g3 Bg7 6. Bg2 Nc6 7. c3 0-0 8. 0-0 Rb8 9. a4 a6 10. Qe2 b5 11. axb5 axb5 12. d4 Qc7 13. Re1 cxd4 14. cxd4 Nb4 15. e5 dxe5 16. dxe5 Nfd5 17. Nd4 e6 18. f4 Qc5 19. N2b3 Qc4 20. Qxc4 bxc4 21. Na5 Nd3 22. Rd1 Ba6 23. Nac6 Ra8 24. Ra4 Bb7 25. Rxc4 Ba6 26. Rc3 Nxc3 27. bxc3 Rfc8 28. Ne7+ Kf8 29. Nxc8 Rxc8 30. Ba3+ Kg8 31. Rb1 Bf8 32. Bxf8 Kxf8 33. Rb6 0-1

[Event "Prague-E"]
[Site "Prague"]
[Date "2019.03.14"]
[Round "7.1"]
[White "Amellal, Sofiane Anis"]
[Black "Homola, Josef"]
[Result "1-0"]
[WhiteElo "1904"]
[BlackElo "1683"]
[PlyCount "85"]
[EventDate "2019.03.09"]
[EventType "tourn"]
[EventRounds "9"]
[EventCountry "CZE"]
[SourceTitle "CBM 189 Extra"]
[Source "ChessBase"]
[SourceDate "2019.06.03"]
[SourceVersion "1"]
[SourceVersionDate "2019.06.03"]
[SourceQuality "1"]

1. e4 c5 2. Nf3 d6 3. d3 Nc6 4. Nbd2 g6 5. g3 Bg7 6. Bg2 e5 7. a4 Nge7 8. Nc4 Rb8 9. 0-0 0-0 10. Nfd2 f5 11. exf5 gxf5 12. f4 d5 13. Nxe5 Nxe5 14. fxe5 Bxe5 15. Nf3 Bg7 16. Bf4 Ra8 17. Ne5 Ng6 18. Nxg6 hxg6 19. c3 g5 20. Bd2 Be6 21. Qh5 g4 22. Rae1 Qe8 23. Qxe8 Raxe8 24. Rxe6 Rxe6 25. Bxd5 Rff6 26. Rxf5 Kf7 27. Rxf6+ Kxf6 28. Bxe6 Kxe6 29. Be3 Kd5 30. h4 c4 31. dxc4+ Kxc4 32. h5 Kb3 33. h6 Bxh6 34. Bxh6 Kxb2 35. Be3 a6 36. Bd4 Kb3 37. a5 Kc4 38. Kf2 Kd3 39. Bb6 Ke4 40. Ke2 Kf5 41. Kd3 Ke5 42. Ke3 Kf5 43. Bc7 1-0

[Event "Prague-E"]
[Site "Prague"]
[Date "2019.03.13"]
[Round "6.5"]
[White "Karlsson, Henrik"]
[Black "Amellal, Sofiane Anis"]
[Result "0-1"]
[WhiteElo "1690"]
[BlackElo "1904"]
[PlyCount "54"]
[EventDate "2019.03.09"]
[EventType "tourn"]
[EventRounds "9"]
[EventCountry "CZE"]
[SourceTitle "CBM 189 Extra"]
[Source "ChessBase"]
[SourceDate "2019.06.03"]
[SourceVersion "1"]
[SourceVersionDate "2019.06.03"]
[SourceQuality "1"]

1. e4 c6 2. d4 d5 3. e5 Bf5 4. Bd3 Bxd3 5. Qxd3 e6 6. f4 Ne7 7. Nf3 h5 8. 0-0 Nf5 9. Nc3 c5 10. Ne2 Nc6 11. c3 h4 12. a3 a5 13. c4 cxd4 14. cxd5 Qxd5 15. Bd2 Be7 16. b4 axb4 17. axb4 0-0 18. b5 Nb4 19. Bxb4 Bxb4 20. g4 Ne3 21. Rxa8 Rxa8 22. Qxd4 Nxf1 23. Qxd5 exd5 24. Kxf1 Ra1+ 25. Kg2 Bc5 26. Nxh4 d4 27. Nf5 d3 0-1

[Event "ALG-ch"]
[Site "Algiers"]
[Date "2015.02.07"]
[Round "11"]
[White "Amellal, Sofiane Anis"]
[Black "Oussedik, Mahfoud"]
[Result "1/2-1/2"]
[WhiteElo "1953"]
[BlackElo "2193"]
[PlyCount "154"]
[EventDate "2015.01.30"]
[EventType "tourn"]
[EventRounds "11"]
[EventCountry "ALG"]
[SourceTitle "CBM 164 Extra"]
[Source "ChessBase"]
[SourceDate "2015.03.02"]
[SourceVersion "1"]
[SourceVersionDate "2015.03.02"]
[SourceQuality "1"]

1. e4 c5 2. Nf3 d6 3. d4 cxd4 4. Nxd4 Nf6 5. Nc3 a6 6. Bc4 e6 7. a3 b5 8. Ba2 Nbd7 9. 0-0 Bb7 10. Bg5 h6 11. Bh4 Qb6 12. Kh1 Be7 13. f3 Rc8 14. Bf2 Qc7 15. Bxe6 fxe6 16. Nxe6 Qc6 17. Nxg7+ Kf7 18. Nf5 Ne5 19. Qe1 Rcg8 20. Rd1 Bc8 21. Nxe7 Kxe7 22. Nd5+ Kf7 23. Nxf6 Kxf6 24. f4 Nf7 25. Bd4+ Ke7 26. Bxh8 Rxh8 27. e5 dxe5 28. Qb4+ Ke8 29. fxe5 Rg8 30. Qd2 Be6 31. Rf6 Rg5 32. Rxh6 Rxe5 33. Rg6 Qe4 34. Rg8+ Ke7 35. Qc3 Qe2 36. Qb4+ Kf6 37. Qh4+ Rg5 38. Rg1 Bd5 39. Rxg5 Nxg5 40. Qd4+ Ke6 41. Qd3 Qxd3 42. cxd3 Nh3 43. Rf1 Bb7 44. Rf8 Ke5 45. Rb8 Bd5 46. d4+ Kxd4 47. Rd8 Nf2+ 48. Kg1 Nd3 49. b4 Ne5 50. h4 Nf7 51. Re8 Kc3 52. g4 Kb2 53. g5 Kxa3 54. g6 Nh6 55. Rh8 Nf5 56. h5 Kxb4 57. h6 Nxh6 58. Rxh6 a5 59. Rh4+ Kc3 60. Rh5 Be6 61. Re5 Bg8 62. Rxb5 a4 63. Rb8 Bd5 64. Rb5 Be6 65. Ra5 Kb4 66. Ra6 Bc4 67. g7 a3 68. Rb6+ Kc5 69. Rb1 Bg8 70. Rb8 a2 71. Ra8 Kb4 72. Kf2 Bd5 73. Ra6 Kc3 74. Ke3 Kb2 75. Kd4 Bb3 76. Kd3 a1Q 77. Rxa1 Kxa1 1/2-1/2

[Event "ALG-ch"]
[Site "Algiers"]
[Date "2015.02.02"]
[Round "5"]
[White "Amellal, Sofiane Anis"]
[Black "Khalef, Eladel"]
[Result "1-0"]
[WhiteElo "1953"]
[BlackElo "2048"]
[PlyCount "95"]
[EventDate "2015.01.30"]
[EventType "tourn"]
[EventRounds "11"]
[EventCountry "ALG"]
[SourceTitle "CBM 164 Extra"]
[Source "ChessBase"]
[SourceDate "2015.03.02"]
[SourceVersion "1"]
[SourceVersionDate "2015.03.02"]
[SourceQuality "1"]

1. e4 c5 2. Nf3 d6 3. d4 cxd4 4. Nxd4 Nf6 5. Nc3 a6 6. Bc4 e6 7. a3 Be7 8. 0-0 b5 9. Ba2 0-0 10. f4 Nbd7 11. f5 e5 12. Nde2 Nb6 13. Ng3 Bb7 14. Bg5 Rc8 15. Rf3 Nc4 16. Rb1 Qb6+ 17. Kh1 Rfd8 18. Rd3 Rd7 19. Bxf6 Bxf6 20. Nh5 Qd8 21. Qg4 Rdc7 22. Bxc4 Rxc4 23. Rf1 Kf8 24. Rg3 b4 25. Nxg7 bxc3 26. Ne6+ Ke7 27. Nxd8 Bxe4 28. Rxc3 Bd3 29. Rxc4 Rxc4 30. Nc6+ Kd7 31. Nb8+ Kc7 32. Nxa6+ Kb6 33. Qd1 Bxf1 34. Qxd6+ Rc6 35. Qb8+ Kxa6 36. Kg1 Bb5 37. c3 Ka5 38. Qa7+ Ba6 39. b4+ Kb5 40. Qd7 Kb6 41. a4 Bb7 42. a5+ Ka7 43. b5 Rc5 44. c4 Ka8 45. a6 Bc8 46. Qd6 Rxc4 47. Qd5+ Kb8 48. Qxc4 1-0

[Event "ALG-ch"]
[Site "Algiers"]
[Date "2015.01.30"]
[Round "1"]
[White "Amellal, Sofiane Anis"]
[Black "Moulay, Mehdi"]
[Result "1/2-1/2"]
[WhiteElo "1953"]
[BlackElo "2026"]
[PlyCount "202"]
[EventDate "2015.01.30"]
[EventType "tourn"]
[EventRounds "11"]
[EventCountry "ALG"]
[SourceTitle "CBM 164 Extra"]
[Source "ChessBase"]
[SourceDate "2015.03.02"]
[SourceVersion "1"]
[SourceVersionDate "2015.03.02"]
[SourceQuality "1"]

1. e4 d6 2. d4 e5 3. dxe5 dxe5 4. Qxd8+ Kxd8 5. Nc3 a6 6. Nf3 f6 7. Be3 Be6 8. 0-0-0+ Ke8 9. a3 Bd6 10. Nd2 Nd7 11. Nc4 Bc5 12. b4 Bxe3+ 13. Nxe3 Ne7 14. Be2 Nb6 15. Rd2 Rd8 16. Rhd1 Rxd2 17. Rxd2 Nc6 18. Ncd5 Bxd5 19. Nxd5 Nxd5 20. Rxd5 Ke7 21. c3 Rd8 22. Bc4 Rxd5 23. Bxd5 Nd8 24. Kd2 Kd6 25. a4 b6 26. Kd3 c6 27. Bg8 h6 28. Kc4 Nb7 29. f3 Kd7 30. Kb3 a5 31. Kc4 Nd6+ 32. Kd3 Nc8 33. g4 Ne7 34. Bf7 Kd6 35. h4 g5 36. h5 Nc8 37. Be8 Kc7 38. Bf7 Kd7 39. Bb3 Nd6 40. Bg8 Kc7 41. Be6 Ne8 42. Bf7 Nd6 43. Be6 Nb7 44. Bc4 Kd7 45. Bg8 Nd6 46. Bb3 Ne8 47. Bf7 Nc7 48. Bg8 Kd6 49. Bf7 Ke7 50. Bb3 Ne8 51. Bc4 Nd6 52. Bb3 Kd7 53. Bg8 Kc7 54. Be6 b5 55. axb5 axb4 56. bxc6 bxc3 57. Kxc3 Kxc6 58. Kb4 Kb6 59. Bd7 Nb7 60. Kc4 Kc7 61. Ba4 Kd6 62. Be8 Nd8 63. Ba4 Ne6 64. Bc2 Nf4 65. Ba4 Ne6 66. Bc2 Nd4 67. Bd1 Ne6 68. Bc2 Nc5 69. Bd1 Nd7 70. Kb5 f5 71. exf5 Nf6 72. Bc2 Nd5 73. Bd3 Nf4 74. Be4 Ke7 75. Kc6 Ne2 76. Kd5 Kf6 77. Bd3 Nd4 78. Ke4 Nb3 79. Bb5 Nd4 80. Bc4 Nc6 81. Bd5 Nd4 82. Bb7 Nb5 83. Kd5 Nc3+ 84. Kc5 Ne2 85. Kd6 Nd4 86. Be4 Nb5+ 87. Kc6 Nc3 88. Bd3 Nd1 89. Kd5 Nf2 90. Bf1 e4 91. Bg2 e3 92. Bf1 Nh1 93. Kd4 Ng3 94. Kxe3 Nxf1+ 95. Ke2 Ng3+ 96. Kf2 Nxh5 97. gxh5 Kxf5 98. Kg3 Ke6 99. Kg4 Ke5 100. Kh3 Kf4 101. Kg2 g4 1/2-1/2

[Event "ALG-ch"]
[Site "Algiers"]
[Date "2015.01.30"]
[Round "2"]
[White "Haddouche, Mohamed Amine"]
[Black "Amellal, Sofiane Anis"]
[Result "1-0"]
[WhiteElo "2524"]
[BlackElo "1953"]
[PlyCount "63"]
[EventDate "2015.01.30"]
[EventType "tourn"]
[EventRounds "11"]
[EventCountry "ALG"]
[SourceTitle "CBM 164 Extra"]
[Source "ChessBase"]
[SourceDate "2015.03.02"]
[SourceVersion "1"]
[SourceVersionDate "2015.03.02"]
[SourceQuality "1"]

1. e4 c6 2. d3 d5 3. Nd2 dxe4 4. dxe4 e5 5. Ngf3 Nd7 6. Bc4 Be7 7. Nf1 Ngf6 8. Ng3 0-0 9. a4 a5 10. 0-0 Nb6 11. Bd3 Qc7 12. Nh4 Ne8 13. Nhf5 Bc5 14. Qf3 f6 15. h4 Nd6 16. h5 Be6 17. Rd1 Bc4 18. Nxd6 Bxd6 19. Bxc4+ Nxc4 20. Nf5 Rad8 21. Qb3 Qf7 22. Bh6 g6 23. hxg6 hxg6 24. Bxf8 Kxf8 25. Nxd6 Nxd6 26. Qb6 Rd7 27. Qxa5 Qc4 28. Ra3 Qxc2 29. Rad3 Nxe4 30. Qa8+ Kg7 31. Rxd7+ Kh6 32. Qa7 1-0

[Event "ALG-ch sf"]
[Site "Algiers"]
[Date "2015.01.03"]
[Round "8"]
[White "Amellal, Sofiane Anis"]
[Black "Belouadah, Saad"]
[Result "1-0"]
[WhiteElo "1817"]
[BlackElo "2305"]
[PlyCount "61"]
[EventDate "2014.12.30"]
[EventType "swiss"]
[EventRounds "9"]
[EventCountry "ALG"]
[SourceTitle "CBM 164 Extra"]
[Source "ChessBase"]
[SourceDate "2015.03.02"]
[SourceVersion "1"]
[SourceVersionDate "2015.03.02"]
[SourceQuality "1"]

1. e4 d6 2. d4 Nf6 3. Nc3 e5 4. dxe5 dxe5 5. Qxd8+ Kxd8 6. Bg5 Bd6 7. Nf3 Be6 8. 0-0-0 Nbd7 9. Bb5 Kc8 10. Nd2 Nb6 11. Be2 a6 12. a3 Bc4 13. Nb3 Be6 14. f3 Nbd7 15. Be3 b6 16. Nd2 b5 17. b4 Be7 18. Nb3 c6 19. Kb2 Kc7 20. Rd2 h5 21. Rhd1 h4 22. f4 Ng4 23. Rxd7+ Bxd7 24. Rxd7+ Kxd7 25. Bxg4+ Kc7 26. fxe5 g6 27. Ne2 Rhe8 28. Ned4 Bf8 29. Bf4 Rad8 30. e6+ Bd6 31. e5 1-0

[Event "Zeralda Ameyar Memorial 12th"]
[Site "Zeralda"]
[Date "2014.06.20"]
[Round "1"]
[White "Amellal, Sofiane Anis"]
[Black "Zozulia, Anna"]
[Result "0-1"]
[WhiteElo "1805"]
[BlackElo "2364"]
[PlyCount "56"]
[EventDate "2014.06.20"]
[EventType "swiss"]
[EventRounds "9"]
[EventCountry "ALG"]
[SourceTitle "CBM 161 Extra"]
[Source "ChessBase"]
[SourceDate "2014.08.29"]
[SourceVersion "1"]
[SourceVersionDate "2014.08.29"]
[SourceQuality "1"]

1. e4 c5 2. Nf3 e6 3. d4 cxd4 4. Nxd4 Nc6 5. Nc3 Qc7 6. Bc4 a6 7. a3 Nf6 8. Ba2 b5 9. 0-0 Bb7 10. Bg5 Nxd4 11. Qxd4 Bc5 12. Qd3 Qe5 13. Bxf6 gxf6 14. Rad1 Rd8 15. Kh1 Qh5 16. b4 Ba7 17. Qe2 Bb8 18. g3 Qe5 19. Qe3 h5 20. f4 Qc7 21. Nd5 exd5 22. exd5+ Kf8 23. Rfe1 Kg7 24. Bb3 Ba7 25. Qf3 Qb6 26. Rd2 Rde8 27. Red1 Qe3 28. Qg2 Qe1+ 0-1

[Event "ALG-ch sf"]
[Site "Sidi Bel Abbes"]
[Date "2013.03.31"]
[Round "8"]
[White "Amellal, Sofiane Anis"]
[Black "Ouhabi, Mourad"]
[Result "0-1"]
[WhiteElo "1821"]
[BlackElo "1566"]
[PlyCount "55"]
[EventDate "2013.03.27"]
[EventType "swiss"]
[EventRounds "9"]
[EventCountry "ALG"]
[SourceTitle "CBM 153 Extra"]
[Source "ChessBase"]
[SourceDate "2013.04.22"]
[SourceVersion "1"]
[SourceVersionDate "2013.04.22"]
[SourceQuality "1"]

1. e4 e6 2. d4 d5 3. Nc3 Nf6 4. Bg5 Be7 5. e5 Nfd7 6. Bxe7 Qxe7 7. f4 a6 8. Nf3 c5 9. Be2 Nc6 10. 0-0 b5 11. Kh1 Bb7 12. f5 cxd4 13. fxe6 fxe6 14. Nxd4 Ncxe5 15. Bg4 Nxg4 16. Qxg4 Nf6 17. Qxe6 Qxe6 18. Nxe6 Kf7 19. Ng5+ Kg6 20. Nf3 Rhe8 21. a3 Rac8 22. Nh4+ Kg5 23. Nf5 Re6 24. Nd4 Re7 25. Rae1 Rce8 26. Rf5+ Kg6 27. Rfe5 Rxe5 28. Rxe5 0-1

[Event "ALG-ch sf"]
[Site "Sidi Bel Abbes"]
[Date "2013.03.31"]
[Round "9"]
[White "Brahmi, Mustapha"]
[Black "Amellal, Sofiane Anis"]
[Result "1-0"]
[WhiteElo "1649"]
[BlackElo "1821"]
[PlyCount "37"]
[EventDate "2013.03.27"]
[EventType "swiss"]
[EventRounds "9"]
[EventCountry "ALG"]
[SourceTitle "CBM 153 Extra"]
[Source "ChessBase"]
[SourceDate "2013.04.22"]
[SourceVersion "1"]
[SourceVersionDate "2013.04.22"]
[SourceQuality "1"]

1. d4 c6 2. c4 d5 3. Nf3 Nf6 4. e3 e6 5. Bd3 dxc4 6. Bxc4 b5 7. Bd3 a6 8. 0-0 Be7 9. a3 c5 10. Nc3 Nbd7 11. b3 Bb7 12. Bb2 0-0 13. Rc1 Rc8 14. Qe2 Qb6 15. Rfd1 Rfe8 16. Ne5 Nd5 17. Bxh7+ Kf8 18. Bd3 cxd4 19. Qh5 1-0